La Memòria de Josep Pastor : viure a l'Oliva del XIX / Manuel Martí i Ascó, Jesús Eduard Alonso i López ; presentació de Vicent Josep Escartí viure a l'Oliva del XIX / Manuel Martí i Ascó, Jesús Eduard Alonso i López ; presentació de Vicent Josep Escartí
ISBN:
84-95213-71-0
Descripción Física:
161, XIII p. : il. col. ; 20 cm
Colección:
Arxius i famílies ; 5
MARC
| LEADER | 00000nam a2200000Ia 4500 | ||
|---|---|---|---|
| 001 | 18322 | ||
| 008 | 160829s2006 xx 000 0 cat d | ||
| 020 | |a 84-95213-71-0 | ||
| 080 | |a H-3-1 | ||
| 100 | |a Martí i Ascó, Manuel |9 26136 | ||
| 245 | |a La Memòria de Josep Pastor : |b viure a l'Oliva del XIX / Manuel Martí i Ascó, Jesús Eduard Alonso i López ; presentació de Vicent Josep Escartí | ||
| 260 | |a Simat de la Valldigna : |b la Xara, |c 2006 | ||
| 300 | |a 161, XIII p. : |b il. col. ; |c 20 cm | ||
| 490 | |a Arxius i famílies ; 5 | ||
| 590 | |a Bibliografia | ||
| 650 | |a Pastor, Josep |9 26137 | ||
| 650 | |a Oliva (València) |x S. XIX |9 26138 | ||
| 700 | |a Alonso López, Jesús E. |9 43831 | ||
| 700 | 1 | |a Escartí, Vicent Josep |9 26140 | |
| 901 | |a Arxiu | ||
| 942 | |n 1 | ||
| 952 | |0 0 |1 0 |4 0 |6 H31 |7 1 |9 43894 |a Arxiu |b Arxiu |d 2016-12-01 |l 0 |o H-3-1 |p 18322 |r 2016-12-01 00:00:00 |w 2016-12-01 |y ARXIU | ||
| 999 | |c 46474 |d 46474 | ||